Missing Word: Bob Marley Quiz Stats

Quiz Updated Jun 25, 2015

Challenge
Share
Tweet
Embed
Score 0/18 Timer 03:00
0 Plays Today
Song Missing Word % Correct
I Shot the ____Sheriff
95.1%
No Woman, No ____Cry
83.8%
Is ____ LoveThis
76%
____ SoldierBuffalo
74.1%
Get Up, ____ UpStand
74%
Redemption ____ Song
68.7%
Three Little ____Birds
55.4%
Could You Be ____Loved
49.2%
One Love/____ Get ReadyPeople
46.5%
Song Missing Word % Correct
____ It UpStir
44.8%
Waiting in ____Vain
39.1%
Iron ____ ZionLion
39%
Sun Is ____Shining
38.6%
Turn Your ____ Down LowLights
36.9%
Roots, Rock, ____Reggae
33.6%
Keep On ____Moving
25.2%
____ My SoulSatisfy
23.9%
So Much ____ in the WorldTrouble
21.3%

Today's Daily Dose

Missing Word
Law Misconceptions

Word Ladder
Easy Math

On This Day
January 20th

You're not logged in!

Compare scores with friends on all Sporcle quizzes.
Sign Up with Email
OR
Log In

You Might Also Like...

Show Comments

Extras

Top Quizzes Today


Score Distribution

Your Account Isn't Verified!

In order to create a playlist on Sporcle, you need to verify the email address you used during registration. Go to your Sporcle Settings to finish the process.